Missing Word: 1992 Movies Quiz Stats

 Plays Quiz Updated Oct 18, 2012

Support Sporcle.
Go Orange.
Score 0/20 Timer 04:00
0 Plays Today
Hint Answer % Correct
Wayne's _____World
97.9%
A League of Their ____Own
97.3%
Of _____ and MenMice
95.9%
A Few _____ MenGood
95.7%
The _____ of the MohicansLast
94.6%
_____ Men Can't JumpWhite
93.6%
A River Runs _____ ItThrough
93.1%
Reservoir _____Dogs
91.3%
_____ InstinctBasic
89%
My Cousin _____Vinny
82.3%
Hint Answer % Correct
Sister _____Act
79.9%
Bram Stoker's _____Dracula
79%
_____ of a WomanScent
78.4%
The Crying _____Game
75.8%
_____ and WivesHusbands
70.2%
Glengarry _____ RossGlen
58.7%
The Lawnmower _____Man
58.5%
_____ GamesPatriot
41.2%
Ferngully: The Last _____Rainforest
30.5%
The Mambo _____Kings
24.7%

Today's Daily Dose

Word Ladder
ING Words

Get the Picture
Nearest Volcano

From the Vault

Country by First Female Leader

by BookishGirl98

History 5m
You'll probably be surprised by how recent some of these firsts were.
Remove Ads.
Support Sporcle.
Get the best of Sporcle when you Go Orange. This ad-free experience offers more features, more stats, and more fun while also helping to support Sporcle. Thank you for becoming a member.

Show Comments

Extras

Top Quizzes Today


Score Distribution

Your Account Isn't Verified!

In order to create a playlist on Sporcle, you need to verify the email address you used during registration. Go to your Sporcle Settings to finish the process.

Report this User

Report this user for behavior that violates our Community Guidelines.

Details: